The Medico-Philosophical controversy between ibn butlan of Baghdad and ibn Ridwan of Cairo : a contribution to the history of Greek learning among the Arabs /
المؤلف الرئيسي:
مؤلفون آخرون: , ,
التنسيق: كتاب
اللغة:
English
Arabic
منشور في:
Cairo :
[publisher not identified],
1937.
سلاسل:
Muallaf (Jamiah al-Misriyah. Kulliyat al-Adab) ;
no. 13.
Muallaf (Jamiah al-Misriyah. Kulliyat al-Adab)
الموضوعات:
الوسوم: إضافة وسم
رقم الطلب: PJ7838 .I2
| LEADER | 01274nam a22003017a 4500 | ||
|---|---|---|---|
| 003 | OCoLC | ||
| 005 | 20251110120858.0 | ||
| 008 | 251110t1937 ua h 000 0 eng d | ||
| 041 | 0 | |a eng |a ara | |
| 050 | 1 | 4 | |a PJ7838 |b .I2 |
| 100 | 1 | |a Ibn Butlan al-Baghdadi, al-Mukhtar ibn al-Hasan, |d -approximately 1068. | |
| 245 | 1 | 4 | |a The Medico-Philosophical controversy between ibn butlan of Baghdad and ibn Ridwan of Cairo : |b a contribution to the history of Greek learning among the Arabs / |c by Joseph Schacht and Max Meyerhof. |
| 264 | 1 | |a Cairo : |b [publisher not identified], |c 1937. | |
| 300 | |a 124, 91 pages : |b facsimiles | ||
| 336 | |a text |b txt |2 rdacontent | ||
| 337 | |a unmediated |b n |2 rdamedia | ||
| 338 | |a volume |b nc |2 rdacarrier | ||
| 490 | 1 | |a Publication / Egyptian University, Faculty of arts ; |v no. 13 | |
| 500 | |a Includes the five treatises of ibn butlan and ibn Ridwan. | ||
| 504 | |a Includes bibliographical references. | ||
| 650 | 0 | |a Medicine, Arab. | |
| 700 | 1 | |a Meyerhof, Max. | |
| 700 | 1 | |a Schacht, Joseph, |d 1902-1969. | |
| 700 | 1 | |a Ibn Ridwan, 'Ali ibn 'Ali ibn Ja'far, |d -approximately 1068. | |
| 830 | 0 | |a Muallaf (Jamiah al-Misriyah. Kulliyat al-Adab) ; |v no. 13. | |
| 830 | 0 | |a Muallaf (Jamiah al-Misriyah. Kulliyat al-Adab) | |
| 942 | |2 lcc | ||
| 999 | |c 56653 |d 56653 | ||
